00282nam a2200121Ia 4500008004100000041000800041082001400049100001800063245002000081260002800101300002400129365000700153240624s9999 xx 000 0 und d aeng a332.1 MUK aMUKHERJEE D D aHANDS ON CREDIT c2015aMumbaibSnowwhite a444 : p. : cm. ; 24 cRS